India: (Record no. 549827)

000 -LEADER
fixed length control field 00428nam a2200145Ia 4500
020 ## - INTERNATIONAL STANDARD BOOK NUMBER
International Standard Book Number 9698125027(hb)
082 ## - DEWEY DECIMAL CLASSIFICATION NUMBER
Classification number 954.04
Author Mark JAV
-- L-30 II, P-206
100 ## - MAIN ENTRY--PERSONAL NAME
Personal name Javed Hassan
9 (RLIN) 46507
245 ## - TITLE STATEMENT
Title India:
Remainder of title a study in profile
260 ## - PUBLICATION, DISTRIBUTION, ETC.
Place of publication, distribution, etc. Rawalpindi:
Name of publisher, distributor, etc. Services Book Club,
Date of publication, distribution, etc. 1990
300 ## - PHYSICAL DESCRIPTION
Extent 260p.
526 ## - STUDY PROGRAM INFORMATION NOTE
Program name 0
Interest level 0
Reading level 0
Title point value 954_040000000000000_JAV
650 ## - SUBJECT ADDED ENTRY--TOPICAL TERM
Topical term or geographic name entry element India -- Politics and Government -- 1947 --
9 (RLIN) 46508
942 ## - ADDED ENTRY ELEMENTS (KOHA)
Source of classification or shelving scheme
Koha item type Book
Holdings
Withdrawn status Lost status Source of classification or shelving scheme Damaged status Not for loan Permanent Location Current Location Date acquired Total Checkouts Full call number Barcode Date last seen Price effective from Koha item type
          Military College of Engineering (MCE) Military College of Engineering (MCE) 10/15/2014   954.04 JAV MCE-25738 10/15/2014 10/15/2014 Book
© 2023 Central Library, National University of Sciences and Technology. All Rights Reserved.